Variations in leaf fatty acid composition of different clones of Hevea brasiliensis (Record no. 50436)
[ view plain ]
| 000 -LEADER | |
|---|---|
| fixed length control field | 00481nam a2200169Ia 4500 |
| 100 ## - MAIN ENTRY--AUTHOR NAME | |
| Personal name | Thomas M |
| 245 #0 - TITLE STATEMENT | |
| Title | Variations in leaf fatty acid composition of different clones of Hevea brasiliensis |
| 260 ## - PUBLICATION, DISTRIBUTION, ETC. (IMPRINT) | |
| Name of publisher | Natural Rubber Research |
| Year of publication | 2011 |
| 300 ## - PHYSICAL DESCRIPTION | |
| Number of Pages | 155-158 |
| 650 ## - SUBJECT ADDED ENTRY--TOPICAL TERM | |
| Topical Term | Cold tolerance |
| 650 ## - SUBJECT ADDED ENTRY--TOPICAL TERM | |
| Topical Term | Double bond index |
| 650 ## - SUBJECT ADDED ENTRY--TOPICAL TERM | |
| Topical Term | Hevea clones |
| 650 ## - SUBJECT ADDED ENTRY--TOPICAL TERM | |
| Topical Term | Leaf fatty acid |
| 700 ## - ADDED ENTRY--PERSONAL NAME | |
| Personal name | Gopalakrishnan J |
| 942 ## - ADDED ENTRY ELEMENTS (KOHA) | |
| Koha item type | Bibliography STAF |
| Withdrawn status | Lost status | Damaged status | Not for loan | Home library | Current library | Shelving location | Date acquired | Serial Enumeration / chronology | Koha item type |
|---|---|---|---|---|---|---|---|---|---|
| Bibliography | RRII Library | RRII Library | Physiology | 09/04/2014 | Volume 24, Issue 1 | Bibliography STAF |